|
|
|
|
| LEADER |
01216njm a2200337 a 4500 |
| 001 |
001088838 |
| 003 |
CZ BrMZK |
| 005 |
20100317094811.0 |
| 007 |
sd fsngnnmmned |
| 008 |
100302s2009 xr ||n ? eng d |
| 024 |
3 |
|
|a 8595026644625
|
| 028 |
0 |
1 |
|a MAM 446-2
|b Indies Scope
|
| 040 |
|
|
|a BOA001
|b cze
|
| 041 |
0 |
|
|d eng
|d cze
|
| 072 |
|
7 |
|a 78.03
|x Vývojová období v dějinách hudby
|2 Konspekt
|9 9
|
| 080 |
|
|
|a 78.036.9
|2 MRF
|
| 080 |
|
|
|a (086.76)
|2 MRF
|
| 110 |
2 |
|
|a Lesní zvěř (hudební skupina)
|7 xx0107617
|
| 245 |
1 |
0 |
|a [Lesní zvěř]
|h [zvukový záznam]
|
| 260 |
|
|
|a Dolní Loučky :
|b Indies Scope,
|c p2009
|
| 300 |
|
|
|a 1 zvuková deska :
|b digital ;
|c 12 cm
|
| 500 |
|
|
|a Kompaktní deska
|
| 500 |
|
|
|a Název z pouzdra
|
| 505 |
0 |
0 |
|t 21st --
|t Dusty roads --
|t Frank Frank --
|t Sun --
|t Gotcha --
|t Turzovka --
|t Simplicity --
|t Voda --
|t Hostýn
|
| 511 |
0 |
|
|a Lesní zvěř (Jiří Hradil, Martin Čech, Miloš Rejsek, Marek Steyer)
|
| 650 |
0 |
7 |
|a jazz
|7 ph121330
|2 czenas
|
| 655 |
|
7 |
|a kompaktní desky
|7 fd201991
|2 czenas
|
| 910 |
2 |
|
|a BOA001
|b CDR-1236.498
|
| 990 |
|
|
|a AV
|
| 991 |
|
|
|b 201003
|
| 996 |
6 |
|
|b 2610423538
|c CDR-1236.498
|l MZK
|r Sklad / do 24 hodin
|n 0
|p p.v.
|w 001113305
|u 000010
|a 1
|e BOA001
|j MZK50
|s P
|